Complete the Card - WWE No Way Out 2002 - Statistics

General Stats
  • This quiz has been taken 227 times
  • The average score is 22 of 26
Answer Stats
Answer % Correct
Triple H
99%
Bubba Ray Dudley
96%
Chris Jericho
96%
D-Von Dudley
96%
Edge
96%
Spike Dudley
96%
Stone Cold Steve Austin
96%
Kurt Angle
95%
The Rock
94%
Jeff Hardy
93%
Matt Hardy
93%
Christian
91%
The Undertaker
90%
William Regal
84%
Lance Storm
83%
Rob Van Dam
81%
Test
81%
Booker T
80%
Faarooq
75%
Bradshaw
74%
Goldust
74%
Billy
73%
Tazz
72%
Chuck
71%
Albert
68%
Scotty 2 Hotty
49%
No matching quizzes found
Score Distribution
Percent of People with Each Score
Percentile by Number Answered
Your Score History
You have not taken this quiz